000 00657nam a2200193Ii 4500
001 19502
003 CO-ViMGA
008 241108s9999||||xx |||||||||||||| ||und||
040 _aCO-ViMGA
_bspa
_erda
_cCO-ViMGA
041 0 _aspa
082 0 4 _a342.8610873 C65
245 1 0 _aConvención internacional sobre la eliminación de todas las formas de discriminación racial (1965) :
_bley 1482 de 2011
264 1 _aBogotá, Colombia : Presidencia de la República, 2012
300 _avolumen
336 _atext
_btxt
_2rdacontent
337 _aunmediated
_bn
_2rdamedia
338 _avolume
_bnc
_2rdacarrier
940 _aidficha_siabuc: 19158. -- ficha_no_siabuc:19502
999 _c49025
_d49025